| 000 | 01819cam a22002775a 4500 | ||
|---|---|---|---|
| 001 | L145773 | ||
| 008 | 081106s2007 xxkad f 001 0 eng d | ||
| 020 | _a9780521546645 | ||
| 035 | _a(Sirsi) u145773 | ||
| 041 | 0 | _aeng | |
| 050 | 0 | 4 | _a174.30994 $2 22 |
| 100 | 1 | _aParker, Christine | |
| 245 | 0 | 0 | _aInside lawyers' ethics |
| 260 |
_aCambridge _bCambridge University Press _c2007 |
||
| 300 |
_axvii, 269p. _bill. _c23cm. |
||
| 350 | _a30 | ||
| 505 | 2 | _aPreface -- Acknowledgements -- List of tables -- List of figures -- List of illustrations -- List of case studies -- List of statutes -- Table of cases | |
| 505 | 2 | _aIntroduction, values in practice -- Alternatives to adverserial advocacy -- The responsibility climate, regulation of lawyers' ethics -- Civil litigation and excessive adverserialism -- Ethics in criminal justice, proof and truth -- Ethics in negotiation and alternative dispute resolution -- Conflicting loyalties -- Lawyers' fees and costs, billing and over-charging -- Corporate lawyers and corporate misconduct -- Conclusion, personal professionalism, personal values and legal professionalism. | |
| 520 | _aTextbook is designed to help law students and new lawyers understand and modify their own ethical priorities, with the intention of making them better practitioners, but also because ethical practice improves the entire legal process. Features a range of case studies on ethical concerns from Australian case law and seeks to clarify routes for dealing with cases that challenge personal ethics. Looks at the values of current practice and suggests ethical alternatives for the legal practitioner. | ||
| 521 | _aAdvanced | ||
| 590 | _aKA | ||
| 651 | 4 | _aInternational | |
| 690 | _aMANAGEMENT-BUSINESS MANAGEMENT-BUSINESS ETHICS | ||
| 700 | 1 | _aEvans, Adrian | |
| 942 | _n0 | ||
| 999 |
_c108913 _d108913 |
||